|
|
|
|
| LEADER |
00740nam a2200205Ia 4500 |
| 008 |
240829s9999 xx 000 0 und d |
| 040 |
|
|
|a BIBLIOTECA-RUSB/ Ref 660 N583
|
| 041 |
|
|
|a spa
|
| 082 |
|
|
|a Ref 660 N583
|
| 100 |
1 |
|
|a Nicaragua. Ministerio Agropecuario y Forestal
|
| 245 |
1 |
0 |
|a Proyecto de instalación de una planta procesadora de pulpa preservada, colorante y suspensión estabilizadora a partir del fruto de pitahaya
|
| 260 |
|
|
|a Managua
|b MAGFOR/VIFINEX
|c 2004
|
| 300 |
|
|
|a 78 p. :il.
|
| 650 |
7 |
|
|a INGENIERIA QUIMICA - PLANTA PROCESADORA
|
| 650 |
7 |
|
|b PLANTA PROCESADORA - PULPA DE PITAHAYA
|
| 650 |
7 |
|
|c COMERCIALIZACION - PITAHAYA
|
| 650 |
7 |
|
|d ESTUDIO FINANCIERO - PITAHAYA
|
| 942 |
|
|
|c BK
|2 ddc
|
| 991 |
|
|
|a TEXTO
|
| 999 |
|
|
|c 6226
|